000 00697nam a22002297a 4500
003 UA-OsUOA
001 89624
007 ta
008 20121107b un ||||| |||| 00| 0 ukr d
100 _aИльченко А.
090 _a821.161.2
_bИ45
942 _cBK
040 _aUA-OsUOA
_brus
_cUA-OsUOA
_dUA-OsUOA
245 _aОснова, или Кто там стучится в дверь? Посткриптум жизни публициста
300 _a574 с.
955 _a3
041 _arus
080 _a821.161.2
260 _aМ.
_bСоветский писатель
_c1984
650 7 _a82 Література. Літературознавство
_2UDC
999 _c375926
_d375926